| 000 | 00970nam a22002057a 4500 | ||
|---|---|---|---|
| 999 |
_c58257 _d58257 |
||
| 003 | Ge_BSU | ||
| 005 | 20211011140855.0 | ||
| 008 | 211011s2021 ge ||||| |||| 00| 0 geo d | ||
| 020 | _a9789941835292 | ||
| 041 | _ageo | ||
| 080 | _a340 ჩ-59 | ||
| 100 |
_aჩიკვილაძე, გიორგი _912638 |
||
| 245 |
_aსამართალი : _bამბები, ისტორიები და თქმულებები / _cჩიკვილაძე, გიორგი. |
||
| 264 |
_a[თბილისი] : _bსულხან-საბა ორბელიანის უნივერსიტეტის გამომცემლობა, _c2021. |
||
| 300 |
_a84 გვ. _b20 სმ. |
||
| 504 | _aბიბლიოგრ. : გვ. 83-84 | ||
| 653 | _aსამართალი | ||
| 710 |
_aსულხან-საბა ორბელიანის უნივერსიტეტი _912639 |
||
| 942 |
_2udc _cBK |
||